000 00676nam a2200241Ia 4500
003 OSt
005 20220924121130.0
006 a|||||r|||| 00| 0
007 ta
008 220923b |||||||| |||| 00| 0 hin d
024 _a40730
037 _cTextual
040 _aARTS
_cARTS
_bhin
041 _2hin
_ahin
082 _aO15:g, 152M7 (P15)
100 _aBharatiya Mahesh ed
_9184436
245 0 _aKavya swarup saundarya evam chamatkar
260 _aGaziyabad
_bSharad Book Agency
_c1987
300 _a56p.
_ccm.
650 _aENGLISH LITERATURE
942 _hO15:g, 152M7 (P15)
_cTEXL
_2CC
999 _c405999
_d405999